Bandeiras/Flags - difficult level - Statistics

Estatísticas Gerais
  • Esse quiz foi jogado 127 vezes
  • A pontuação média é 50 de 62
Estatísticas das Respostas
Imagem Resposta % Correto
Andorra
96%
Fiji
95%
Nigéria
95%
Peru
95%
Madagáscar
94%
Níger
93%
Senegal
93%
Roménia
92%
Gana
91%
Libéria
91%
Suriname
91%
Cabo Verde
90%
Kiribati
90%
República centro-africana
90%
Tonga
90%
Líbia
89%
Benim
87%
Mauritânia
85%
Vanuatu
85%
Jordânia
84%
Moldávia
84%
Sudão do Sul
84%
Taiwan
84%
Gâmbia
83%
Guiné-Bissau
83%
Quénia
83%
Uganda
83%
Costa do Marfim
82%
Costa Rica
82%
Djibouti
82%
Congo
81%
Lesoto
81%
Bolívia
80%
Chade
80%
Emirados Árabes Unidos
80%
Guiné Equatorial
80%
Mali
80%
República Democrática do Congo
80%
Sudão
80%
Zâmbia
80%
Botswana
78%
Ruanda
78%
São Tomé e Príncipe
78%
Micronésia
77%
Tuvalu
77%
Burundi
76%
Ilhas Marshall
76%
Suazilândia
76%
Eritreia
75%
Guiné
75%
Ilhas Salomão
75%
Maurícia
75%
Nauru
75%
Samoa
75%
Tanzania
75%
Togo
75%
Serra Leoa
73%
Gabão
71%
Namíbia
70%
Zimbabwe
49%
Comoros
36%
Ethiopia
35%
Nenhum quiz correspondente encontrado
Distribuição das Pontuações
Porcentagem de Pessoas com Cada Pontuação
Percentil de Números Respondidos
Sua Pontuação Histórica
Você não jogou esse quiz